000 00694nam a2200241Ia 4500
003 OSt
005 20220923214319.0
006 a|||||r|||| 00| 0
007 ta
008 220922b |||||||| |||| 00| 0 hin d
024 _a168,701
037 _cTextual
040 _aARTS
_cARTS
_bhin
041 _2hin
_ahin
082 _aO152,1M86,23, G0
100 _aगुप्त, मैथिली शरण
245 0 _aबक संहार
246 _aBak sanhāra
260 _c1987
650 _aहिन्दी साहित्य
_9156264
942 _hO152,1M86,23, G0
_cTEXL
_2CC
999 _c323168
_d323168